Prime Proverbs : (Record no. 149439)

MARC details
000 -LEADER
fixed length control field 00602nam a22001937a 4500
005 - DATE AND TIME OF LATEST TRANSACTION
control field 20180123115328.0
010 ## - LCCN (DPL NO)
LC control number ENG-122140
020 ## - INTERNATIONAL STANDARD BOOK NUMBER
International Standard Book Number 9789385877001
Terms of availability 600.00
035 ## - SYSTEM CONTROL NUMBER
System control number EN-105672
037 ## - SOURCE OF ACQUISITION
Source of stock number/acquisition DBAD/PUB
082 ## - DEWEY DECIMAL CLASSIFICATION NUMBER
Classification number 398.9
100 ## - MAIN ENTRY--PERSONAL NAME
Personal name Reddy, G.S.
245 ## - TITLE STATEMENT
Title Prime Proverbs :
Statement of responsibility, etc by G.S. Reddy and R.V. Anuradha
Remainder of title with origin, explanation, examples /
260 ## - PUBLICATION, DISTRIBUTION, ETC. (IMPRINT)
Place of publication, distribution, etc New Delhi
Name of publisher, distributor, etc Neelkamal Publications
Date of publication, distribution, etc 2016
270 ## - ADDRESS
Address 4764/1, 23, Ansari Road, Daryaganj
City New Delhi
Postal code 110002
300 ## - PHYSICAL DESCRIPTION
Extent 200p.
Dimensions 21cm(Hb)
700 ## - ADDED ENTRY--PERSONAL NAME
Dates associated with a name R.V. Anuradha
942 ## - ADDED ENTRY ELEMENTS (KOHA)
Source of classification or shelving scheme Dewey Decimal Classification
Item type English Books
Classification part 398.9
Call number suffix RED
Holdings
Withdrawn status Lost status Not for loan Collection code Home library Current library Date acquired Source of acquisition Cost, normal purchase price Full call number Barcode Copy number Cost, replacement price Koha item type
      Non-fiction Bawana Bawana 23/01/2018 DBAD/PUB 600.00 398.9 RED EN-105672 1 600.00 English Books

© Delhi Public Library
Hit Counter
free hit counter